| 000 | 00781nam a2200193 4500 | ||
|---|---|---|---|
| 008 | 010730s1996 ch chiYA | ||
| 020 | _a9575874986 | ||
| 090 |
_aBS2348.C5 _bT97 _bMat |
||
| 100 | 1 | _a法蘭士 France, R. T. | |
| 245 | 1 | 0 |
_a馬太福音 Matthew {ch} / _c法蘭士 by R. T. France |
| 250 | _aChinese ed. | ||
| 260 |
_aTaipei : _b校園書房出版社 Campus Evangelical Fellowship, _cc1996. |
||
| 300 | _a471 p. | ||
| 490 | 1 | _a丁道爾新約註釋 Tyndale New Testament commentaries {ch} | |
| 500 | _aTitle originally published in English by InteVarsity Press, 1985. | ||
| 650 | 4 |
_a聖經論叢/馬太福音 Bible. N.T. Matthew _xCommentaries {ch} |
|
| 950 | 0 | _340/289.00 | |
| 951 |
_pC-3804 _x00014534 _oBS2348.C5/T97/Mat _j070613110941515 _d2000-12-21 _cREF-CH |
||
| 999 |
_c2672 _d2672 |
||